000 01924nam0a2200409 4500
001 RU\NLR\BIBL_A\022613574
005 20251003160440.0
010 _a978-5-498-01111-0
_9350
021 _aRU
_bКН-П-25-041131
_9КН-П-25-4005
035 _a(NLR Aleph) 022613574
090 _a13683511
_c13683511
100 _a20250902d2024 u y0rusy50 ca
101 0 _arus
102 _aRU
105 _aach z 000yd
181 0 _ai3
_baxxe
181 0 _ab2
_bxb2e
182 0 _an
200 1 _aСергей Лобовиков. История рода
_e[книга посвящена истории рода священников Лобовиковых, к которому принадлежит знаменитый вятский фотохудожник Сергей Лобовиков]
_fН. А. Баженова
203 _aТекст
_aИзображение
_bвизуальные
_cнепосредственные
210 _aВятка
_cКировская областная типография
_d2024
215 _a279 с., [1] л. схем, слож. в 16 с.
_cил., портр., факс.
_d29
517 1 _aИстория рода
600 1 _aЛобовиков
_bС.А.
_gСергей Александрович
_f1870 - 1941
_2nlr_sh1
_2nlr_sh2
_3RU\NLR\AUTH\661365110
602 _aЛобовиковы
_cрод
_2nlr_sh2
_3RU\NLR\AUTH\6601760191
686 1 _aТ214(2)0-6
686 1 _aЩ163(2Р=Рус)7-8Лобовиков
686 2 _aЭ372.24-63
700 1 _aБаженова
_bН. А.
_f1949-
_gНаталья Андреевна
702 1 _aЛобовиков
_f1870-1941
_gСергей Александрович
_4280
722 _aЛобовиковы (род)
_4280
942 _cBOOK
980 _aGENEAL02
980 _aNB